State of the World 2000 : A Worldwatch Institute Report on Progress Toward a Sustainable Society /
El Worldwatch Institute publica reportes sobre el estado del mundo desde mediados de los años 80, siempre con la perspectiva de la problemática ambiental en el centro. El instituto, preocupado por una desarrollo sustentable, aborda cada año temáticas particulares que deben ser atendidas para garanti...
Enregistré dans:
| Autres auteurs: | , , , |
|---|---|
| Format: | Livre |
| Langue: | anglais |
| Publié: |
Nueva York, EUA :
Norton : Worldwatch Institute,
2000, c2000
|
| Sujets: | |
| Tags: |
Pas de tags, Soyez le premier à ajouter un tag!
|
MARC
| LEADER | 00000nam^a2200000^a^4500 | ||
|---|---|---|---|
| 001 | 000139854 | ||
| 005 | 20250521000000.0 | ||
| 009 | 20260310095518.811 | ||
| 020 | |a 0-393-31998-9 | ||
| 037 | |a Acervo ITESO - Biblioteca | ||
| 041 | |a ING | ||
| 082 | |a 333. 7 |b EST 2000 | ||
| 100 | |a Brown, Lester R. |e (dir.) | ||
| 240 | 1 | 1 | |a [Estado del mundo] |
| 245 | 1 | 0 | |a State of the World 2000 : |b A Worldwatch Institute Report on Progress Toward a Sustainable Society / |c Dir. de L.R. Brown, C. Flavin, H. French ; ed. de L. Starke. |
| 264 | 4 | |a Nueva York, EUA : |b Norton : |b Worldwatch Institute, |c 2000, c2000 | |
| 300 | |a 276 p. | ||
| 336 | |a texto |b txt |2 rdacontenido | ||
| 337 | |a sin mediación |b n |2 rdamedio | ||
| 338 | |a volumen |b nc |2 rdasoporte | ||
| 520 | |a El Worldwatch Institute publica reportes sobre el estado del mundo desde mediados de los años 80, siempre con la perspectiva de la problemática ambiental en el centro. El instituto, preocupado por una desarrollo sustentable, aborda cada año temáticas particulares que deben ser atendidas para garantizar un desarrollo de tal naturaleza. En esta edición se ocupa de los contaminantes orgánicos, de la necesidad de sistemas de riego para la agricultura que no sean nocivos, de la importancia de una alimentación balanceada que ponga fin al hambre, de la contaminación que produce la industria papelera, entre otros temas. | ||
| 649 | |a XX | ||
| 650 | |a Irrigación | ||
| 650 | |a Agricultura - |x Aspectos Económicos | ||
| 650 | |a Abasto de Alimentos | ||
| 650 | |a Hambre | ||
| 650 | |a Nutrición | ||
| 650 | |a Industria de la Celulosa y del Papel | ||
| 650 | |a Medio Ambiente | ||
| 650 | |a Contaminación Ambiental | ||
| 650 | |a Conservación y Protección Ambiental | ||
| 650 | |a Desarrollo Sustentable - |x Anuarios | ||
| 650 | |a Ecología - |x Historia - |y 2000-2009 | ||
| 650 | |a Economía - |x Historia - |y 2000-2009 | ||
| 650 | |a Anuarios | ||
| 700 | |a Flavin, Christopher |e (dirección) | ||
| 700 | |a French, Hilary |e (dirección) | ||
| 700 | |a Starke, Linda |e (edición) | ||
| 910 | |a Fondo General | ||
| 920 | |a Impresos - Libros | ||
| 930 | |a Obras de Referencia | ||
| 905 | |a 102 | ||
| 901 | |a 0500068012 |b IT2 |c REF |u 20250521 | ||
| 902 | |a https://opac.biblio.iteso.mx/vufind/Record/000139854 | ||